Word Ladder: Homophone Numbers Quiz Stats

 Plays Quiz Updated Jan 27, 2016

Challenge
Share
Tweet
Embed
Score 0/17 Timer 01:30
4 Plays Today
Clue 3-Letter Word % Correct
• Was victorious •• WON •
98%
2,000 pounds (North America)TON
97.2%
Ghost exclamationBOO
94.5%
• Consumed food •• ATE •
93.2%
In good shape, physicallyFIT
92.9%
Cardboard cubeBOX
92.4%
• In favor of •• FOR •
91.7%
Point a weapon at a targetAIM
91.6%
• Additionally •• TOO •
91.3%
Clue 3-Letter Word % Correct
Upper body appendageARM
91.1%
Common coniferous treeFIR
90.6%
Vulpine animalFOX
90.5%
Present plural form of 'be'ARE
88.2%
Former Broncos QB ___ TebowTIM
86%
Cell service providerATT
84.2%
• Atomic element with symbol Sn •• TIN •
83.2%
Islet in a riverAIT
76.3%

Today's Daily Dose

Missing Word
Biopics

Word Ladder
Food Idioms

Quick Pick
Diets

On This Day
December 18th II

You're not logged in!

Compare scores with friends on all Sporcle quizzes.
OR
Log In

You Might Also Like...

Show Comments

Extras

Top Quizzes Today


Score Distribution

Your Account Isn't Verified!

In order to create a playlist on Sporcle, you need to verify the email address you used during registration. Go to your Sporcle Settings to finish the process.

Report this User

Report this user for behavior that violates our Community Guidelines.

Details: